000 01374cam a22003617a 4500
003 CHAP
005 20220329143005.0
008 050601d2003 es a r 00110 spa d
010 _a90402
011 _a91374
020 _a8484761207
035 _a101932
040 _cCHAP
082 0 4 _a634.9618
_bA75
100 0 0 _aArnaldos Viger, Josep.
_97243
245 1 0 _aManual de ingeniería básica para la prevención y extinción de incendios forestales
_c/por Josep Arnaldos Viger [y otros]
260 _aBarcelona :
_bMundi-Prensa,
_c2004.
300 _a414 p. :
_bilus.
590 _aBATCH-UPD
_b10
_c20130110
_lUCH01
_h0323
590 _aBATCH-UPD
_b10
_c20130409
_lUCH01
_h2356
590 _aBATCH-UPD
_b10
_c20130410
_lUCH01
_h1610
590 _aBATCH-UPD
_b10
_c20130914
_lUCH01
_h0356
590 _aBATCH-UPD
_b10
_c20130914
_lUCH01
_h2125
590 _aCONVERSION
_b10
_c20130109
_lUCH01
_h1350
650 1 4 _aBosques
_xIncendios
_xPrevención.
_914225
650 1 4 _aBosques
_xProtección.
_914369
901 _aBK
905 _aLilia
942 _cLIBRO
949 _a634.9618 A75
_bBC
_cLIBRO
_d33724000956413
_eLIBRO
_fc.3
_gI.00224250
_h105912
_i101932
_si
_t$1.207.00
949 _a634.9618 A75
_bBC
_cLIBRO
_d33724000956470
_eLIBRO
_fc.2
_gI.00224251
_h105911
_i101932
_si
_t$1.207.00
949 _a634.9618 A75
_bBC
_cLIBRO
_d33724000956538
_eLIBRO
_gI.00224240
_h105910
_i101932
_si
_t$1.207.00
999 _c90402
_d90402